000 01544nam a2200277Ia 4500
003 GCL
008 140319s9999 xx 000 0 ara d
020 _a6087320977
040 _aGCL /
_cGCL
082 0 4 _a327.1
_bهـ ع
100 1 _aهاس، ريتشارد
245 1 0 _aالعسل والخل :
_bالحوافز والعقوبات والسياسة الخارجية /
_cهاس، ريتشارد
700 1 _aسوليفان، وميجان أو
250 _aالاولى
260 _aالقاهرة :
_bمركز الاهرام للترجمة والنشر ،
_c2002
300 _a212 ص ؛
_c24 سم
650 0 4 _aالولايات المتحدة الامريكية
650 0 4 _aالولايات المتحدة الامريكية - العلاقات الخارجية
650 0 4 _aالولايات المتحدة الامريكية - العلاقات الخارجية - الصين
650 0 4 _aالولايات المتحدة الامريكية - العلاقات الخارجية - العراق
650 0 4 _aالولايات المتحدة الامريكية - العلاقات الخارجية - كوريا الشمالية
650 0 4 _aالولايات المتحدة الامريكية - العلاقات الخارجية - جنوب افريقيا
650 0 4 _aالولايات المتحدة الامريكية - العلاقات الخارجية - الاتحاد السوفيتى
650 0 4 _aالولايات المتحدة الامريكية - العلاقات الخارجية - فيتنام
942 _2ddc
_cBK
999 _c6520
_d6520